| 000 | 00492nam a2200181 a 4500 | ||
|---|---|---|---|
| 005 | 20210223125858.0 | ||
| 008 | 060426s2001 mx r 000 0 spa d | ||
| 020 | _a9687903244 | ||
| 035 | _aUPN01000143916 | ||
| 049 | _aCG | ||
| 050 | 4 |
_aPC4271 _bA7.8 |
|
| 100 | 1 | _aArjona, Marina | |
| 245 | 1 | 0 |
_aUsos verbales en México y su enseñanza / _cMarina Arjona. |
| 260 |
_aMéxico : _bEdére, _c2001. |
||
| 300 | _a270 p. | ||
| 650 | 4 |
_aESPAÑOL - _xGRAMATICA - _xVERBO _915995 |
|
| 905 | _aLibro | ||
| 999 |
_c116063 _d116063 |
||